000 00327nam a22001457a 4500
008 230720b ||||| |||| 00| 0 eng d
020 _a9780674403401
041 _aeng
080 _a101
082 _a101STI
100 _a44
101 _aFILOZOFI
245 _aTHE HISTORY OF STATISTICS
_cSTIGLER . M .S
942 _2udc
_cBK
999 _c60187
_d60187